Etika, ekonomika, příroda
Uložené v:
| Hlavný autor: | |
|---|---|
| Ďalší autori: | , |
| Médium: | Kniha |
| Jazyk: | Czech Slovak |
| Vydavateľské údaje: |
Praha
Grada Publishing
2012
|
| Predmet: | |
| Tagy: |
Žiadne tagy, Buďte prvý, kto otaguje tento záznam!
|
MARC
| LEADER | 00000nam a2200000 4500 | ||
|---|---|---|---|
| 001 | 0162273 | ||
| 005 | 20240313085742.3 | ||
| 020 | |a 978-80-247-4293-9 | ||
| 041 | 0 | |a cze | |
| 041 | 0 | |a slo | |
| 044 | |a CZ | ||
| 245 | 1 | 0 | |a Etika, ekonomika, příroda |c Josef Šmais, Bohuslav Binka, Ivo Rolný |
| 264 | 1 | |a Praha |b Grada Publishing |c 2012 | |
| 300 | |a 192 s. | ||
| 610 | 2 | 0 | |a etika |
| 610 | 2 | 0 | |a etika environmentálna |
| 610 | 2 | 0 | |a etika podnikateľská |
| 610 | 2 | 0 | |a etika hospodárska |
| 610 | 2 | 0 | |a ekonómia |
| 610 | 2 | 0 | |a príroda |
| 610 | 2 | 0 | |a environmentalistika |
| 610 | 2 | 0 | |a ochrana prírody |
| 610 | 2 | 0 | |a ochrana prostredia životného |
| 100 | 1 | |a Šmais, Josef | |
| 700 | 1 | |a Binka, Bohuslav | |
| 700 | 1 | |a Rolný, Ivo | |